Networking Infrastructure for Pervasive Computing : Enabling Technologies and Systems /

Networking Infrastructure for Pervasive Computing: Enabling Technologies & Systems is a comprehensive guide to tomorrow's world of ubiquitous computing where users can access and manipulate information from everywhere at all times. The emphasis is on networking, systems and standards rather...

Full description

Bibliographic Details
Main Author: Saha, Debashis
Corporate Author: SpringerLink (Online service)
Other Authors: Mukherjee, Amitava, Bandyopadhyay, Somprakash
Format: eBook
Language:English
Published: Boston, MA : Springer US, 2002.
Subjects:
Online Access:Connect to the full text of this electronic book

MARC

Tag First Indicator Second Indicator Subfields
LEADER 00000cam a2200000Ma 4500
001 in00003555849
006 m o d
007 cr nn|||||||||
008 121227s2002 mau o 000 0 eng d
005 20260422231139.9
020 |a 9781461511434 (electronic bk.) 
020 |a 1461511437 (electronic bk.) 
035 |a (OCoLC)840283606 
040 |a I9W  |b eng  |e pn  |c I9W  |d OCLCQ  |d GW5XE  |d OCLCF  |d UtOrBLW 
049 |a TXAM 
050 4 |a TK5105.55 
082 0 4 |a 004.6/5  |2 21 
100 1 |a Saha, Debashis. 
245 1 0 |a Networking Infrastructure for Pervasive Computing :  |b Enabling Technologies and Systems /  |c by Debashis Saha, Amitava Mukherjee, Somprakash Bandyopadhyay. 
264 1 |a Boston, MA :  |b Springer US,  |c 2002. 
300 |a 1 online resource (320 pages) 
336 |a text  |b txt  |2 rdacontent 
337 |a computer  |b c  |2 rdamedia 
338 |a online resource  |b cr  |2 rdacarrier 
505 0 |a From the contents: Acknowledgements -- Preface -- Part I: Pervasive Computing -- Part II: Enabling Technologies -- Part III: Standards -- Part IV: Summary and Future -- Index. 
520 |a Networking Infrastructure for Pervasive Computing: Enabling Technologies & Systems is a comprehensive guide to tomorrow's world of ubiquitous computing where users can access and manipulate information from everywhere at all times. The emphasis is on networking, systems and standards rather than detailed physical implementation. Addressed are many technical obstacles, such as, connectivity, levels of service, performance, and reliability and fairness. The authors also describe the existing enabling off-the-shelf technologies and its underlying infrastructure known as pervasive networking (PervNet). PervNet ties different sets of smart nodes together enabling them to communicate with each other to provide pervasive computing services to users. Throughout the book, important issues related to scalability, transparency, security, energy management, QoS provisioning, fault tolerance, and disconnected operations are discussed. This work provides a research and development perspective to the field of PervNet and will serve as an essential reference for network designers, operators and developers. 
500 |a Electronic resource. 
650 0 |a Computer network protocols. 
650 0 |a Computer network architectures. 
650 0 |a Computer networks  |x Equipment and supplies. 
650 0 |a Mobile computing. 
650 7 |a Computer network architectures.  |2 fast  |0 (OCoLC)fst00872277 
650 7 |a Computer network protocols.  |2 fast  |0 (OCoLC)fst00872279 
650 7 |a Computer networks  |x Equipment and supplies.  |2 fast  |0 (OCoLC)fst00872311 
650 7 |a Mobile computing.  |2 fast  |0 (OCoLC)fst01024221 
655 7 |a Electronic books.  |2 local 
700 1 |a Mukherjee, Amitava. 
700 1 |a Bandyopadhyay, Somprakash. 
710 2 |a SpringerLink (Online service) 
856 4 0 |u http://proxy.library.tamu.edu/login?url=https://link.springer.com/10.1007/978-1-4615-1143-4  |z Connect to the full text of this electronic book  |t 0 
994 |a 92  |b TXA 
999 |a MARS 
999 f f |s e6ebab37-0632-3ad7-8487-9069771ed18c  |i f41f4877-f385-3b52-abb6-26a658f7a5f7  |t 0 
952 f f |a Texas A&M University  |b College Station  |c Electronic Resources  |s www_evans  |d Available Online  |t 0  |e TK5105.55  |h Library of Congress classification 
998 f f |a TK5105.55  |t 0  |l Available Online